| 000 | 00817nam a22002897a 4500 | ||
|---|---|---|---|
| 001 | 0040455 | ||
| 003 | KOHA_MİRAKIL | ||
| 005 | 20260207003201.0 | ||
| 007 | ta | ||
| 008 | 130729b2011 tu a|||gr||||#||||0|tur | | ||
| 020 | _a9786055529157 | ||
| 040 |
_aTR-BiSEU _btur _cTR-BiSEU _erda |
||
| 041 | 0 | _atur | |
| 044 | _ctu | ||
| 050 |
_aHB172.5 _b.M35 2011 |
||
| 100 | 1 | _aYıldırım, Kemal. | |
| 245 | 1 |
_aMakro iktisada giriş/ _cKemal Yıldırım ; Kemal Yıldırım, İbrahim Bakırtaş...[ve bşk.]. |
|
| 250 | _a6.bs. | ||
| 264 | 1 |
_aAnkara : _bPelikan _c2011 |
|
| 300 |
_aXVI, 326 sayfa : _bres., tbl. |
||
| 336 |
_ametin _btxt _2rdacontent |
||
| 337 |
_aaracısız _bn _2rdamedia |
||
| 338 |
_acilt _bnc _2rdacarrier |
||
| 500 | _aKaynakça var. | ||
| 650 | 0 |
_aMakroekonomi. _95189 |
|
| 942 |
_2lcc _cBK |
||
| 999 |
_c40332 _d40332 |
||